The baby sitters club : (Record no. 6484)

MARC details
000 -LEADER
fixed length control field 00932nam a22002897a 4500
001 - CONTROL NUMBER
control field 6484
003 - CONTROL NUMBER IDENTIFIER
control field FISKH
005 - DATE AND TIME OF LATEST TRANSACTION
control field 20250506111955.0
008 - FIXED-LENGTH DATA ELEMENTS--GENERAL INFORMATION
fixed length control field 250506b cb ||||| |||| 00| 0 eng d
020 ## - INTERNATIONAL STANDARD BOOK NUMBER
International Standard Book Number 9780590251600
040 ## - CATALOGING SOURCE
Original cataloging agency FISKH
Language of cataloging eng
Transcribing agency FISKH
Modifying agency FISKH
050 ## - LIBRARY OF CONGRESS CALL NUMBER
Classification number PZ7.M3567585 D
082 ## - DEWEY DECIMAL CLASSIFICATION NUMBER
Classification number 813.54
100 ## - MAIN ENTRY--PERSONAL NAME
Personal name M.Martin, Ann
Dates associated with a name (1955-)
245 ## - TITLE STATEMENT
Title The baby sitters club :
Remainder of title Dawn and the impossible three /
Statement of responsibility, etc. Ann M.Martin
250 ## - EDITION STATEMENT
Edition statement This edition first published in 1987
260 ## - PUBLICATION, DISTRIBUTION, ETC.
Place of publication, distribution, etc. New York :
Name of publisher, distributor, etc. Scholastic,
Date of publication, distribution, etc. 1987
300 ## - PHYSICAL DESCRIPTION
Extent 155 pages :
Dimensions 20 cm
505 ## - FORMATTED CONTENTS NOTE
Formatted contents note J<br/>
520 ## - SUMMARY, ETC.
Summary, etc. As a new member of the Baby-sitters Club, Dawn tries to win the acceptance of the club's president by tackling a tough babysitting job.<br/>
521 8# - TARGET AUDIENCE NOTE
Target audience note 440<br/>
Source Lexile<br/>
521 8# - TARGET AUDIENCE NOTE
Target audience note J<br/>
Source Raz-Plus<br/>
650 ## - SUBJECT ADDED ENTRY--TOPICAL TERM
Source of heading or term Babysitters
Topical term or geographic name entry element Middle grade
650 ## - SUBJECT ADDED ENTRY--TOPICAL TERM
Source of heading or term Young adult
Topical term or geographic name entry element Realistic fiction
942 ## - ADDED ENTRY ELEMENTS (KOHA)
Source of classification or shelving scheme Dewey Decimal Classification
Koha item type Books
Suppress in OPAC No
Holdings
Withdrawn status Lost status Source of classification or shelving scheme Damaged status Not for loan Collection Home library Current library Shelving location Date acquired Total Checkouts Full call number Barcode Date last seen Copy number Price effective from Koha item type
    Dewey Decimal Classification     Juvenile Fiction Footprints International School Library Network Toul Tom Poung Campus Footprints International School Library Network Toul Tom Poung Campus TTP Primary Dark Blue Bookshelves 05/06/2025   MAR 813.54 PZ7.M3567585 D 2025-1158 05/06/2025 1 05/06/2025 Books